La universidad latinoamericana y otros ensayos.

محفوظ في:
التفاصيل البيبلوغرافية
المؤلف الرئيسي: Aguirre Beltrán, Gonzalo (autor)
التنسيق: كتاب
اللغة:الإسبانية
سلاسل:(Biblioteca de la Facultad de Filosofía y Letras ; no. 10)
الموضوعات:
الوسوم: إضافة وسم
لا توجد وسوم, كن أول من يضع وسما على هذه التسجيلة!

MARC

LEADER 00000cam^a2200000uu^4500
001 000475892
005 20250521000000.0
008 050901s1961^^^^^^^^^^^^rd^r^^000^0^spa^d
009 20260310124812.887
035 |a FCE 000018759 
035 |a FCE 022737 
037 |a Acervo ITESO - Biblioteca 
041 |a spa 
082 0 4 |a 378.8  |b AGUu 
100 |a Aguirre Beltrán, Gonzalo  |e (autor) 
245 1 3 |a La universidad latinoamericana y otros ensayos. 
264 |a México :  |b Universidad Veracruzana,  |c 1961. 
300 |a 203 p. 
336 |a texto  |b txt  |2 rdacontenido 
337 |a sin mediación  |b n  |2 rdamedio 
338 |a volumen  |b nc  |2 rdasoporte 
440 0 |a (Biblioteca de la Facultad de Filosofía y Letras ;  |v no. 10) 
649 |a XX 
650 |a Educación superior 
650 |a Financiamiento educativo 
650 |a Ensayo 
650 |a Organización de la educación 
650 |a Universidad 
650 |a Enseñanza 
650 |a América Latina 
910 |a Fondo Centro de Estudios Educativos 
920 |a Impresos - Libros 
930 |a Fondos Especiales 
905 |a 133 
901 |a ALE022737  |b IT2  |c CEE  |u 20250521 
902 |a https://opac.biblio.iteso.mx/vufind/Record/000475892